| 000 | 00694nam a2200193Ia 4500 | ||
|---|---|---|---|
| 008 | 151121s9999||||xx |||||||||||||| ||und|| | ||
| 082 | _a813/पांढरी | ||
| 082 | _bHNW-74360 | ||
| 100 | _aपांढरीपांडे विजय | ||
| 245 | _aजो तो पथ चुकलेला | ||
| 260 | _b"मेहता पब्लिशिंग हाऊस, पुणे।" | ||
| 260 | _c-- | ||
| 300 | _a98 | ||
| 600 | _aपांढरीपांडे विजय | ||
| 630 | _aजो तो पथ चुकलेला | ||
| 700 | _aपांढरीपांडे विजय | ||
| 730 | _aजो तो पथ चुकलेला | ||
| 942 | _cBOOK | ||
| 999 |
_c1255810 _d1255807 |
||